01259nam a2200325 a 4500001000400000003001000004005001700014008004100031020002200072040002500094080002100119090002900140245016200169250003300331260004900364300001700413504002500430505003500455590004400490650002700534650004200561650002600603650002900629700003600658700004700694700002900741942001200770952013800782999001300920985BR-CuiBMT20231130201918.0231124b2002 spb 000 0 por d a8520322778 (v. 2) aBR-CuiBMTcBR-CuiBMT 22007a347.91/.95 a347.91/.95bC977c5. ed.00aCurso avançado de processo civil /cLuiz Rodrigues Wambier, Flávio Renato Correia de Almeida, Eduardo Talamini ; coordenação: Luiz Rodrigues Wambier. a5. ed., rev., atual. e ampl. aSão Paulo :bRevista dos Tribunais,c2002. a v. ;c21 cm aInclui bibliografia.1 av. 2. Processo de execução aA Biblioteca possui somente o volume 2. aProcesso civilzBrasil aExecução (Processo civil)zBrasil aDireito civilzBrasil aSentença civilzBrasil1 aWambier, Luiz Rodrigues4coord.1 aAlmeida, Flávio Renato Correia deeautor1 aTalamini, Eduardoeautor 2udccLV 00102udc4070aBIBTCEMTbBIBTCEMTd2023-11-24hv. 2l0o347.91/.95 C977 5. ed.pBIBTCEMT23111057r2023-11-24tEx. 1w2023-11-24yLV c985d985